000
00260nam a2200097Ia 4500
001
645017
005
20250826153615.0
008
250824s9999 xx 000 0 und d
245
0
_a
ASMA KATLI EV ANTİK YENİ
_c
ANTON ÇEHOV
260
_b
ANTİK DÜNYA KLASİKLERİ
999
_c
645017
_d
645017